Building and civil engineering claims

Bibliographic Details
Main Author: Wood, R. D.
Format: Book
Published: London : The estate Gazette , 1971
Edition:2nd ed.
Subjects:

MARC

LEADER 00000cam a2200000 7i4500
001 0000009367
005 20170301.0
040 |a INS 
090 0 0 |a TH425   |b W6 
100 1 |a Wood, R. D. 
245 1 0 |a Building and civil engineering claims   |c R. D. Wood 
250 |a 2nd ed. 
260 |a London :   |b The estate Gazette ,   |c 1971 
300 |a 468p ;   |c 22cm. 
650 0 0 |a Construction contracts   |z Great Britain 
650 0 0 |a Engineering contracts   |z Great Britain 
999 |a 0000023004   |b BOOK   |c Open Shelf   |e Default branch